| 000 | 00641nam a2200217Ia 4500 | ||
|---|---|---|---|
| 005 | 20241129115820.0 | ||
| 008 | 241129s9999||||xx |||||||||||||| ||und|| | ||
| 020 | _a9781944660222 | ||
| 037 | _aTB | ||
| 040 |
_aSDCL _beng _cSDCL |
||
| 041 |
_aeng _2eng |
||
| 084 |
_aXM8:6, R2 _qSDCL |
||
| 100 |
_aLee Cheng Few; Lee John; Lee Michael _9728409 |
||
| 245 | 0 | _aCorporate finance and strategy : An active learning approach | |
| 260 |
_aChennai _bWorld Scientific _c2022 |
||
| 300 | _axlii,1324p. | ||
| 365 |
_aINR _b2750 |
||
| 650 | _aBusiness Economics and Finance | ||
| 942 |
_cTB _hXM8:6, R2 |
||
| 999 |
_c1232138 _d1232138 |
||